The Piano

Bibliographic Details
Other Authors: Campion, Jane, 1954- (Director)
Format: Video DVD
Language:English
Czech
PhysicalDescription:1 videodisk (DVD) (121 min.) zvuk DD 5.1, fareb., PAL 16:9 12 cm
Published: Bratislava Intersonic 2008
Subjects:

MARC

LEADER 00000ngm a2200000 a 4500
001 vtls009329620
003 SK-MaSNL
005 20260302080253.0
007 vd cvaizs
008 080904s2008 xo 121 e vleng
040 |a SNK  |b slo  |c SNK  |e AACR2 
041 1 |a eng  |a cze  |b cze  |h eng 
044 |a xo  |c SK 
072 7 |a 791  |x Film. Cirkus. Ľudová zábava  |2 konspekt 
080 |a 791.221.5  |2 2001 
080 |a (0.034.44)  |2 2001 
245 0 4 |a The Piano  |h videozáznam  |c [réžia] Jane Campion 
260 |a Bratislava  |b Intersonic  |c 2008 
300 |a 1 videodisk (DVD) (121 min.)  |b zvuk DD 5.1, fareb., PAL 16:9  |c 12 cm 
500 |a Vyšlo ako príloha mesačníka DVD HIT+ č. 14/2008 
500 |a Názov z disku 
511 0 |a Hrajú: Holly Hunter, Harvey Keitel 
521 8 |a Mládeži do 15 r. nevhodné 
546 |a V originálnom angl. znení, český dabing, české titulky, trailery + bonus 
586 |a Zlatá Palma 
586 |a Oscar 
650 0 7 |a hrané filmy  |2 SNKPH  |9 68885 
650 0 7 |a filmové drámy  |2 SNKPH  |9 320128 
655 7 |a DVD  |2 SNKPH  |9 70751 
700 1 |a Campion, Jane,  |d 1954-  |4 drt  |9 226584 
999 |c 1172425  |d 1174355 
952 |a SNK  |b SNK  |y PREZ  |7 0  |p 17A0598258  |o snkSDVD 330  |i snk2008/16370  |8 0  |0 0  |1 0  |4 0  |d 2008-09-04  |l 0  |r 2026-02-24 21:09:28  |w 2026-02-24